00317nam a2200121Ia 4500008004100000082001600041100001900057245006300076250000800139260002400147300000800171650001600179150301s2014 xx 000 0 und d a616.5bA14S aSARKAR, RASHMI aADVANCES IN PEDIATRIC DERMATOLOGY - 2 NEONATAL DERMATOLOGY a1ST bJAYPEEaDELHIc2014 a251 aDERMATOLOGY